Trouve le rappeur fr ou us grâce à ses sons - Statistiques

Statistiques générales
  • Ce quiz a été pris 864 fois
  • Le résultat moyen est 19 sur 25
Statistiques - réponses
Sons Artiste % Correct
La vie qu’on mène, lettre a une femme, maman ne le sait pas Ninho
95%
Réseaux, sale, medicament Niska
94%
One dance, god’s plan, jumpman Drake
93%
Freeze raël, shavkat, jour de plus Freeze corleone
92%
Goosebumps, Sicko mode, nightcrawler Travis scott
92%
Amber, papers, toute la journée Zola
92%
Die, fleurs, cartier Gazo
91%
Bolide allemand, mr ocho, passat SDM
91%
Meuda, gasolina, TIA Tiakola
91%
Without me, Lose yourself, godzilla Eminem
86%
Je la connais, fusil, A7 SCH
86%
Humble, all the stars, DNA Kendrick lamar
82%
SAD!, jocelyn flores, f**k love XXXtentacion
82%
Mask off, life is good, cinderella Future
77%
Lucid dreams, all girls are the same, hide Juice WRLD
76%
N***as in Paris, stronger, father stretch my hands Kanye west
76%
XO Tour Llif3, 20 min, flooded the face Lil uzi vert
71%
Ransom, love me, HVN on earth Lil tecca
67%
Bank account, a lot, n.h.i.e 21 savage
66%
FukUmean,dollaz on my head, prada dem Gunna
62%
No role modelz, middle child, m.y.l.i.f.e J cole
58%
Magnolia, sky, shoota Playboi carti
56%
Drip too hard, yes indeed, on me Lil baby
54%
The london, Pick up the phone, hot Young thug
51%
Rapstar, martin & gina, 21 Polo G
33%
Aucun quiz correspondant
Distribution des résultats
% des personnes avec chaque résultat
Percentile par nombre de réponses
Votre historique - résultats
Vous n’avez pas pris ce quiz